000 00659nam a22002177a 4500
003 UA-OsUOA
001 75522
007 ta
008 20110526b un ||||| |||| 00| 0 ukr d
090 _a94(477).02(082)
_bТ66
942 _cBK
040 _aUA-OsUOA
_bukr
_cUA-OsUOA
_dUA-OsUOA
245 _aТреті "Ольжині читання"
_bПліснеськ 31 травня 2008 року
300 _a88 с.
955 _a2
041 _aukr
080 _a94(477).02(082)
260 _aЛьвів
_bЛьвівська галерея мистецтв
_c2009
650 7 _a9 Географія. Біографії. Історія
_2UDC
999 _c361820
_d361820